Score 0/28 Timer 08:00
17 Plays Today
% Correct
San Francisco
96.1%
London
95.8%
Tokyo
93%
Athens
80.8%
Washington, D.C.
80.4%
Paris
78.3%
New York City
75.7%
Amsterdam
73.5%
Dubai
71.8%
Madrid
67.2%
Chicago
63.8%
Rome
58.3%
Warsaw
56.9%
Cape Town
52.3%
% Correct
Brussels
51.2%
Honolulu
49.8%
Cairo
46.2%
Munich
45.2%
Dublin
41.5%
Mexico City
38.9%
Istanbul
37.8%
Sydney
34.4%
Vancouver
33.2%
Barcelona
31.7%
Tel Aviv
24.9%
Taipei
23.7%
Havana
23.7%
São Paulo
17.1%

You're not logged in!

Compare scores with friends on all Sporcle quizzes.
OR
Log In

Sporcle TV

Today on Sporcle TV


Watch our educational content, quiz creation guides, and fun videos on Sporcle TV.

Show Comments

Extras

Top Quizzes Today


Score Distribution

Paid Content

Your Account Isn't Verified!

In order to create a playlist on Sporcle, you need to verify the email address you used during registration. Go to your Sporcle Settings to finish the process.

Report this User

Report this user for behavior that violates our Community Guidelines.

Details: